000
00300nam a2200109Ia 4500
008
220216s9999 xx 000 0 und d
245
0
_a
Apollo tyres Ltd: Racing up the fast lane with Michelin technology
260
_b
Rubber Asia
_c
2004
300
_a
138-143
650
_a
Tyre technology
942
_c
JS
999
_c
54341
_d
54341